Nueva Ley General Tributaria (Registro nro. 159691)
[ vista simple ]
| 000 -LEADER | |
|---|---|
| fixed length control field | 01203ny a22003013n 4500 |
| 003 - CONTROL NUMBER IDENTIFIER | |
| control field | CaPaEBR |
| 006 - FIXED-LENGTH DATA ELEMENTS--ADDITIONAL MATERIAL CHARACTERISTICS--GENERAL INFORMATION | |
| fixed length control field | m u |
| 007 - PHYSICAL DESCRIPTION FIXED FIELD--GENERAL INFORMATION | |
| fixed length control field | cr cn||||||||| |
| 008 - FIXED-LENGTH DATA ELEMENTS--GENERAL INFORMATION | |
| fixed length control field | 200805r20042008sp |||||s|||||||||||spa d |
| 020 ## - INTERNATIONAL STANDARD BOOK NUMBER | |
| International Standard Book Number | 9788476987254 |
| 035 ## - | |
| -- | 475 |
| 040 ## - CATALOGING SOURCE | |
| Original cataloging agency | FlNmELB |
| Transcribing agency | FlNmELB |
| Modifying agency | vlex |
| 050 14 - | |
| -- | KKT3544.52003 |
| -- | N964 2004eb |
| 080 ## - | |
| -- | 342:336.221(460) |
| 090 ## - | |
| -- | 1197 |
| -- | 1197 |
| 245 00 - TITLE STATEMENT | |
| Title | Nueva Ley General Tributaria |
| Medium | [Recurso electrónico] |
| Remainder of title | Ley 58/2003 de 17 de diciembre / |
| Statement of responsibility, etc | Rey Quiroga, Begoña, ...[et al.] |
| 256 ## - | |
| -- | Servicio en línea |
| 260 ## - PUBLICATION, DISTRIBUTION, ETC. (IMPRINT) | |
| Place of publication, distribution, etc | Barcelona : |
| Name of publisher, distributor, etc | BOSCH EDITOR, |
| Date of publication, distribution, etc | 2004 |
| 300 ## - PHYSICAL DESCRIPTION | |
| Extent | 7-559 p |
| 506 1# - RESTRICTIONS ON ACCESS NOTE | |
| Terms governing access | Contenido solo disponible en los productos indicados |
| Authorized users | vLex Global |
| -- | vLex Global (Academic Edition, excluding Law Schools) |
| -- | vLex Global (U.S. Academic Edition, Law Schools) |
| -- | vLex Global (U.S. Academic Edition, excluding Law Schools) |
| -- | vLex Global (Academic Edition, Law Schools) |
| 650 04 - SUBJECT ADDED ENTRY--TOPICAL TERM | |
| Topical term or geographic name as entry element | Tributario |
| 650 04 - SUBJECT ADDED ENTRY--TOPICAL TERM | |
| Topical term or geographic name as entry element | Derecho tributario |
| 700 1# - ADDED ENTRY--PERSONAL NAME | |
| Personal name | Rey Quiroga, Begoña, |
| Relator term | aut |
| 740 0# - | |
| -- | vLex Libros (Servicios en línea) |
| 856 40 - LOCALIZACIÓN Y ACCESO ELECTRÓNICO | |
| Identificador Uniforme del Recurso (URI/URL) | https://app.vlex.com/#/sources/ley-general-tributaria-nueva-475 |
| 942 ## - | |
| -- | RAA |
| 999 ## - | |
| -- | 159691 |
| -- | 159691 |
No hay ítems disponibles.